Biggest Cities of the Habsburg Empire of Charles V with a Map - Statistics

General Stats
  • This quiz has been taken 1,011 times
  • The average score is 37 of 99
Answers on the Map
Answers color-coded by a green-red scale on the quiz's map according to % correct below.
 
Answer Stats
Population Cities % Correct
210k Naples
94%
70k Prague
94%
30k Amsterdam
93%
34k Barcelona
93%
29k Madrid
92%
32k Vienna
91%
50k Mexico City
90%
75k Milan
89%
42k Brussels
88%
70k Seville
86%
60k Palermo
85%
50k Valencia
85%
30k Tunis
83%
70k Antwerp
82%
15k Santa Fe de Bogotá
79%
70k Granada
78%
20k Quito
74%
26k Zaragoza
72%
11k Bari
69%
60k Bruges
69%
18k Pressburg
69%
33k Córdoba
68%
50k Ghent
68%
15k Brünn
67%
15k Palma de Mallorca
67%
55k Toledo
66%
27k Utrecht
66%
25k Tripoli
65%
29k Lille
64%
11k Syracuse
63%
21k Cuzco
60%
35k Messina
60%
14k Catania
57%
35k Breslau
55%
13k Murcia
55%
30k Oran
54%
13k Groningen
49%
60k Valladolid
48%
14k Taranto
43%
11k Pilsen
42%
14k Maastricht
37%
20k Puebla
36%
16k Haarlem
35%
17k Salamanca
35%
11k Badajoz
30%
21k Lecce
30%
11k Como
28%
25k Jaén
28%
18k Jerez de la Frontera
28%
12k Leiden
26%
16k Pavia
26%
20k Oaxaca
24%
12k Leuven
23%
13k Sassari
23%
15k Mons
22%
11k Olmütz
22%
38k Cremona
21%
15k Arras
20%
15k Delft
19%
17k Segovia
19%
11k Cambrai
18%
18k Den Bosch
18%
26k Tournai
18%
16k Trapani
17%
15k Potosí
16%
11k Alessandria
15%
17k Mechelen
15%
11k Ávila
14%
15k Valenciennes
14%
14k Cuenca
13%
12k Enna
13%
11k Barletta
12%
11k Douai
11%
11k Görlitz
10%
12k Matera
10%
14k Palencia
10%
30k Tlaxcala
10%
13k Crema
8%
21k Úbeda
8%
40k Bugia
7%
20k Écija
7%
14k Medina del Campo
7%
14k Alcázar de San Juan
6%
19k Baeza
6%
14k Medina de Rioseco
6%
15k Plasencia
6%
12k Zacatecas
6%
14k Antequera
5%
25k Mahdia
5%
11k Gravina in Puglia
4%
16k Nicosia
4%
12k Andújar
3%
13k Piazza Armerina
3%
12k Baena
2%
20k Champotón
2%
30k Cholula
2%
12k Ocaña
2%
12k Schwaz
2%
25k Tecpán Guatemala
1%
No matching quizzes found
Score Distribution
Percent of People with Each Score
Percentile by Number Answered
Your Score History
You have not taken this quiz